Història del C.D. Europa (1907-1982) / per Ramon Vergés i Soler ; pròleg de Jordi Pujol i Soley ; col·laboracions de M. Sarmiento Birba, Julián Mir, Santiago Codina, ... [et al]
Descripción Física:
[44] p. : il. ; 30 cm
MARC
| LEADER | 00000nam a2200000Ia 4500 | ||
|---|---|---|---|
| 001 | 8226 | ||
| 008 | 160829s9999 xx 000 0 cat d | ||
| 080 | |a FU-23-19 | ||
| 100 | |a Vergés i Soler, Ramon |9 30724 | ||
| 245 | |a Història del C.D. Europa (1907-1982) / per Ramon Vergés i Soler ; pròleg de Jordi Pujol i Soley ; col·laboracions de M. Sarmiento Birba, Julián Mir, Santiago Codina, ... [et al] | ||
| 260 | |a Barcelona : |b Comissió Organitzadora del 75è aniversari del C.D. Europa, dl 1983 | ||
| 300 | |a [44] p. : |b il. ; |c 30 cm | ||
| 590 | |a Amb el patrocini de la Diputació de Barcelona i altres | ||
| 610 | 2 | 0 | |a Club Esportiu Europa |9 55383 |
| 610 | 2 | 0 | |a Club Esportiu Europa |x Història |9 55384 |
| 700 | |a Pujol, Jordi, |d 1930- |e pròleg |9 36355 | ||
| 700 | |a Sarmiento Birba, M. |9 30727 | ||
| 710 | 1 | |a Barcelona (Catalunya : Província). |b Diputació |9 52408 | |
| 901 | |a Arxiu | ||
| 942 | |n 1 |2 udc | ||
| 952 | |0 0 |1 0 |4 0 |6 FU2319 |7 1 |9 45500 |a Arxiu |b Arxiu |d 2016-12-01 |l 0 |o FU-23-19 |p 8226 |r 2016-12-01 00:00:00 |w 2016-12-01 |y ARXIU | ||
| 999 | |c 48665 |d 48665 | ||